Consultation on draft national policy statements for energy infrastructure (Record no. 110221)

MARC details
000 -LEADER
fixed length control field 01638cad a22002535a 4500
001 - CONTROL NUMBER
control field L148789
008 - FIXED-LENGTH DATA ELEMENTS--GENERAL INFORMATION
fixed length control field 091110e20091109xxkabdef f000 0 eng d
035 ## - SYSTEM CONTROL NUMBER
System control number (Sirsi) u148789
041 0# - LANGUAGE CODE
Language code of text/sound track or separate title eng
050 04 - LIBRARY OF CONGRESS CALL NUMBER
Classification number 333.72 $2 18
110 1# - MAIN ENTRY--CORPORATE NAME
Corporate name or jurisdiction name as entry element United Kingdom
Subordinate unit Department for Energy and Climate Change
9 (RLIN) 5697
245 00 - TITLE STATEMENT
Title Consultation on draft national policy statements for energy infrastructure
Medium [electronic resource]
260 ## - PUBLICATION, DISTRIBUTION, ETC.
Place of publication, distribution, etc. London
Name of publisher, distributor, etc. DECC
Date of publication, distribution, etc. 2009
505 2# - FORMATTED CONTENTS NOTE
Formatted contents note Foreword from the Secretary of State -- Executive summary -- Complete list of consultation questions -- Background -- Draft Overarching Energy NPS (EN-1) -- Draft NPSs for fossil fuels, renewables, gas supply and gas and oil pipelines, and electricity networks (EN-2-5) -- Appraisal of Sustainability and Habitats Regulations Assessment for EN 1-5 -- Draft nuclear NPS (EN-6) and associated documents -- Impact assessment and other questions -- Annexes
520 ## - SUMMARY, ETC.
Summary, etc. Consultation seeks views on six draft national policy statements for energy infrastructure. These draft national policies aim to change the current reliance on high-carbon fossil fuels to nuclear, renewable and clean coal power, while ensuring the increase in production of electricity that might be needed by 2050.
520 ## - SUMMARY, ETC.
Summary, etc. Deadline for comments is 22 February 2010.
521 ## - TARGET AUDIENCE NOTE
Target audience note Advanced
590 ## - LOCAL NOTE (RLIN)
Local note KA NTK
650 24 - SUBJECT ADDED ENTRY--TOPICAL TERM
Topical term or geographic name entry element PLANNING ACT 2008
651 #4 - SUBJECT ADDED ENTRY--GEOGRAPHIC NAME
Geographic name Great Britain
Chronological subdivision 1707-
690 ## - LOCAL SUBJECT ADDED ENTRY--TOPICAL TERM (OCLC, RLIN)
Topical term or geographic name as entry element ENVIRONMENTAL AND LAND CONSULTANCY-ENERGY
856 40 - ELECTRONIC LOCATION AND ACCESS
Uniform Resource Identifier <a href="https://www.info4local.gov.uk/documents/consultations/1377687">https://www.info4local.gov.uk/documents/consultations/1377687</a>
Public note View the consultation free of charge at www.info4local.gov.uk...
942 ## - ADDED ENTRY ELEMENTS (KOHA)
Suppress in OPAC 0
Holdings
Withdrawn status Lost status Source of classification or shelving scheme Damaged status Not for loan Home library Current library Shelving location Date acquired Total Checkouts Full call number Barcode Date last seen Copy number Price effective from Koha item type
    Dewey Decimal Classification     Virtual Virtual Online 10/11/2009   ONLINE PUBLICATION 148789-1001 06/08/2019 1 06/08/2019 Book